| Tag |
First Indicator |
Second Indicator |
Subfields |
| LEADER |
00000cam a2200000 a 4500 |
| 001 |
in00000598639 |
| 005 |
20151014091659.0 |
| 008 |
860911s1987 mau b 00010 eng |
| 010 |
|
|
|a 86021089
|
| 020 |
|
|
|a 0262132230
|
| 035 |
|
|
|a (OCoLC)14272137
|
| 035 |
|
|
|9 ACQ8345AM
|
| 040 |
|
|
|a DLC
|c DLC
|d m/c
|d TXA
|d UtOrBLW
|
| 041 |
1 |
|
|a eng
|h rus
|
| 049 |
|
|
|a TXAM
|c [A10924635]
|
| 050 |
0 |
0 |
|a QA9
|b .M34413 1987
|
| 082 |
0 |
|
|a 511.3
|2 19
|
| 100 |
1 |
|
|a Maslov, S. I͡U.
|q (Sergeĭ I͡Urʹevich)
|
| 240 |
1 |
0 |
|a Teorii͡a deduktivnykh sistem i ee primenenii͡a.
|l English
|
| 245 |
1 |
0 |
|a Theory of deductive systems and its applications /
|c S. Yu. Maslov ; translated by Michael Gelfond and Vladimir Lifschitz.
|
| 264 |
|
1 |
|a Cambridge, Mass. :
|b MIT Press,
|c [1987]
|
| 264 |
|
4 |
|c ©1987
|
| 300 |
|
|
|a x, 151 pages ;
|c 24 cm.
|
| 336 |
|
|
|a text
|b txt
|2 rdacontent
|
| 337 |
|
|
|a unmediated
|b n
|2 rdamedia
|
| 338 |
|
|
|a volume
|b nc
|2 rdacarrier
|
| 490 |
1 |
|
|a MIT Press series in the foundations of computing
|
| 500 |
|
|
|a Translation of: Teoriya deduktivnykh system i yeyo primeneniya.
|
| 504 |
|
|
|a Bibliography: pages [149]-151.
|
| 650 |
|
0 |
|a Logic, Symbolic and mathematical.
|
| 650 |
|
0 |
|a Algorithms.
|
| 650 |
|
0 |
|a Machine theory.
|
| 650 |
|
0 |
|a Artificial intelligence.
|
| 830 |
|
0 |
|a MIT Press series in the foundations of computing.
|
| 999 |
|
|
|a MARS
|
| 999 |
f |
f |
|s 59c1298f-41b0-3667-bc39-ecfc4825c6ea
|i 335f6ac1-7e2e-3f47-8ac4-3f6399b1f461
|t 0
|
| 952 |
f |
f |
|p ric
|a Texas A&M University
|b Rellis Campus
|c Joint Library Facility
|d Remote Storage
|t 0
|e QA9 .M34413 1987
|h Library of Congress classification
|i unmediated -- volume
|m A14810924635
|
| 998 |
f |
f |
|a QA9 .M34413 1987
|t 0
|l Remote Storage
|